000 00581nam a2200205Ii 4500
001 14000
003 CO-ViMGA
008 241108s9999||||xx |||||||||||||| ||und||
040 _aCO-ViMGA
_bspa
_erda
_cCO-ViMGA
041 0 _aspa
082 0 4 _aCo861.6 R63d
100 1 _aOmar Marino Rodríguez
_950932
245 1 0 _aDel corazón a la poesía
264 1 _aBogotá, Colombia : Leer, 2000
300 _avolumen
336 _atext
_btxt
_2rdacontent
337 _aunmediated
_bn
_2rdamedia
338 _avolume
_bnc
_2rdacarrier
940 _aidficha_siabuc: 13698. -- ficha_no_siabuc:14000
999 _c45631
_d45631